[Event "C.to Europeo U18"]
[Site "Fermo ITA"]
[Date "2009.09.02"]
[Round "3"]
[White "Omarsson, Dadi"]
[Black "Giacchetti, Lorenzo"]
[Result "1-0"]
[WhiteElo "2091"]
[BlackElo "1818"]
[PlyCount "71"]
[EventDate "2009.08.31"]

1. e4 c5 2. Nf3 Nc6 3. d4 cxd4 4. Nxd4 Nf6 5. Nc3 e5 6. Ndb5 d6 7. Bg5 a6 8.
Na3 b5 9. Nd5 Be7 10. Bxf6 Bxf6 11. c3 Bg5 12. Nc2 O-O 13. a4 bxa4 14. Rxa4 a5
15. Bc4 Rb8 16. b3 Bb7 17. O-O Kh8 18. Qd3 g6 19. Rd1 f5 20. Na3 Na7 21. f4
fxe4 22. Qe3 exf4 23. Qxa7 Bc6 24. Qd4+ Rf6 25. Rxa5 Qxa5 26. Nxf6 Qc5 27.
Nxe4+ Qxd4+ 28. Rxd4 Bd8 29. Bd5 Bb6 30. Bxc6 Bxd4+ 31. cxd4 Rxb3 32. Nb5 Rb1+
33. Kf2 Rc1 34. d5 Kg7 35. Nbxd6 Kf8 36. Nc8 1-0

[Event "C.to Europeo U18"]
[Site "Fermo ITA"]
[Date "2009.09.02"]
[Round "3"]
[White "Paichadze, Luka"]
[Black "Nabaty, Tamir"]
[Result "0-1"]
[WhiteElo "2420"]
[BlackElo "2504"]
[PlyCount "96"]
[EventDate "2009.08.31"]

1. e4 e6 2. d4 d5 3. exd5 exd5 4. Bd3 Bd6 5. Qf3 Nf6 6. Bg5 Bg4 7. Qxg4 Nxg4 8.
Bxd8 Kxd8 9. f3 Ne3 10. g3 Re8 11. Kd2 c5 12. dxc5 Bxc5 13. Nc3 Nd7 14. Re1 Ne5
15. Na4 N3c4+ 16. Bxc4 Bb4+ 17. c3 Nxc4+ 18. Kd1 Nxb2+ 19. Nxb2 Rxe1+ 20. Kxe1
Bxc3+ 21. Ke2 Bxb2 22. Nh3 Rc8 23. Rb1 Rc2+ 24. Kd3 Rxh2 25. Nf4 b6 26. Nxd5
Be5 27. f4 Bd6 28. Nc3 Rh3 29. Kc4 Rxg3 30. Rd1 Ke7 31. Ne4 Rg6 32. f5 Rg4 33.
Kd5 Bc5 34. Re1 Rg1 35. Re2 Kd7 36. f6 gxf6 37. Nxf6+ Kc7 38. Nxh7 Rg6 39. Re4
Kd7 40. Rf4 Be7 41. Rxf7 Ke8 42. Rf5 Rh6 43. Ng5 Rh5 44. Kc6 Rxg5 45. Rxg5 Bxg5
46. Kb7 Kd7 47. Kxa7 Kc6 48. a4 Bd2 0-1

[Event "C.to Europeo U18"]
[Site "Fermo ITA"]
[Date "2009.09.02"]
[Round "3"]
[White "Palmitessa, Andrea"]
[Black "Filippas, Sebastian"]
[Result "0-1"]
[WhiteElo "1796"]
[BlackElo "2224"]
[PlyCount "72"]
[EventDate "2009.08.31"]

1. e4 c5 2. Nf3 d6 3. d4 cxd4 4. Nxd4 Nf6 5. Nc3 g6 6. Bc4 Bg7 7. Be3 O-O 8.
Qd2 Nc6 9. O-O-O Bd7 10. f3 Rb8 11. Nde2 Ne5 12. Bb3 a5 13. a4 b5 14. axb5 Bxb5
15. Nxb5 Rxb5 16. Bd4 Qa8 17. Nc3 Rbb8 18. Na4 Rfc8 19. Kb1 Nc4 20. Bxc4 Rxc4
21. Nb6 Rxb6 22. Bxb6 Nd7 23. Qxa5 Qb7 24. Rd5 Nxb6 25. Rb5 Rc6 26. Rd1 Qc7 27.
Rd2 h5 28. Re2 Bf6 29. Rd2 Nc4 30. Qa8+ Kg7 31. Re2 Rb6 32. Rxb6 Qxb6 33. c3
Qg1+ 34. Ka2 Qd1 35. Rf2 Nd2 36. Qa7 Qb1+ 0-1

[Event "C.to Europeo U18"]
[Site "Fermo ITA"]
[Date "2009.09.02"]
[Round "3"]
[White "Pelagalli, Marco"]
[Black "Nitelea, Alexandru-Barbu"]
[Result "0-1"]
[WhiteElo "1836"]
[BlackElo "2099"]
[PlyCount "82"]
[EventDate "2009.08.31"]

1. e4 c5 2. Nc3 e6 3. f4 Nc6 4. Nf3 Nge7 5. h3 d5 6. d3 dxe4 7. Nxe4 Nf5 8. g4
Nfd4 9. Be3 b6 10. Bg2 Bb7 11. c3 Nxf3+ 12. Bxf3 Be7 13. Qe2 Qc7 14. O-O-O
O-O-O 15. Rhf1 f5 16. Ng5 Bxg5 17. fxg5 Rhf8 18. gxf5 exf5 19. Qf2 Qf7 20. Qg2
Ne5 21. Bxb7+ Qxb7 22. Qxb7+ Kxb7 23. d4 Nc4 24. Bf4 cxd4 25. Rxd4 Rxd4 26.
cxd4 Rd8 27. b3 Na5 28. Bd2 g6 29. Bxa5 bxa5 30. Re1 Kc6 31. Re7 Rd7 32. Rxd7
Kxd7 33. Kd2 Kc6 34. Ke2 a4 35. bxa4 a5 36. h4 Kd6 37. Kf3 Kd5 38. Ke3 Kc4 39.
a3 Kd5 40. Kf4 Kxd4 41. h5 Kd5 0-1

[Event "C.to Europeo U18"]
[Site "Fermo ITA"]
[Date "2009.09.02"]
[Round "3"]
[White "Platzgummer, Fabian"]
[Black "Homatidis, Panagiotis"]
[Result "1-0"]
[WhiteElo "2308"]
[BlackElo "2123"]
[PlyCount "57"]
[EventDate "2009.08.31"]

1. d4 Nf6 2. c4 e6 3. g3 d5 4. Nf3 c6 5. Bg2 b6 6. O-O Bb7 7. Nc3 Be7 8. Nd2
O-O 9. e4 dxc4 10. Nxc4 Ba6 11. b3 b5 12. Ne3 b4 13. Ne2 Bxe2 14. Qxe2 Qxd4 15.
Bb2 Qb6 16. g4 Rd8 17. g5 Ne8 18. h4 Qa6 19. Qg4 Rd2 20. Nc4 Rd8 21. h5 Nd7 22.
f4 Nc5 23. f5 Bf8 24. g6 fxg6 25. fxg6 Bd6 26. gxh7+ Kxh7 27. Qg6+ Kg8 28. h6
Qb7 29. Nxd6 1-0

[Event "C.to Europeo U18"]
[Site "Fermo ITA"]
[Date "2009.09.02"]
[Round "3"]
[White "Pomaro, Alberto"]
[Black "Hohluks, Aleksandrs"]
[Result "1-0"]
[WhiteElo "2284"]
[BlackElo "2085"]
[PlyCount "75"]
[EventDate "2009.08.31"]

1. e4 c5 2. Nf3 a6 3. Nc3 e6 4. d4 cxd4 5. Nxd4 Qc7 6. Bd3 Nc6 7. Be3 Nf6 8.
Nb3 b5 9. f4 h5 10. h3 d6 11. O-O Bb7 12. a4 b4 13. Ne2 Rc8 14. a5 Be7 15. c3
Qb8 16. Ra4 d5 17. e5 Ne4 18. Bxe4 dxe4 19. Nc5 Qc7 20. Nxb7 Qxb7 21. Ng3 Rd8
22. Qe2 Rd3 23. Nxe4 Nxe5 24. Nf2 Rxe3 25. Qxe3 Nc4 26. Qe2 Qb5 27. b3 Nd6 28.
c4 Qb7 29. c5 Nf5 30. Rc1 Nd4 31. Qc4 Nc6 32. Nd3 O-O 33. Nxb4 Rc8 34. Qxa6 Qd7
35. Qd3 Qa7 36. Nxc6 Bxc5+ 37. Kh1 Rxc6 38. Qc3 1-0

[Event "C.to Europeo U18"]
[Site "Fermo ITA"]
[Date "2009.09.02"]
[Round "3"]
[White "Prohaszka, Peter"]
[Black "Graf, Felix"]
[Result "1-0"]
[WhiteElo "2508"]
[BlackElo "2291"]
[PlyCount "85"]
[EventDate "2009.08.31"]

1. d4 Nf6 2. c4 e6 3. Nf3 Bb4+ 4. Bd2 Qe7 5. g3 Nc6 6. Nc3 d5 7. a3 Bxc3 8.
Bxc3 Ne4 9. Qc2 O-O 10. Bg2 Nxc3 11. Qxc3 a5 12. b3 Bd7 13. O-O Rfe8 14. Rfe1
a4 15. b4 Na7 16. Ne5 c6 17. e4 Rac8 18. Qc2 dxc4 19. Nxc4 b5 20. Ne5 f6 21.
Nd3 e5 22. Nc5 exd4 23. Rad1 Rcd8 24. Rxd4 Bg4 25. Qd2 Rxd4 26. Qxd4 Rd8 27.
Qe3 Qe5 28. Nb7 Ra8 29. f4 Bh5 30. Nc5 Qc7 31. e5 Re8 32. h3 Nc8 33. Qe4 Ne7
34. g4 f5 35. gxf5 Qc8 36. f6 gxf6 37. exf6 Nd5 38. Ne6 Nxf4 39. Qxf4 Rxe6 40.
Rf1 Qf8 41. Qg5+ Bg6 42. Bxc6 Kh8 43. Bd5 1-0

[Event "C.to Europeo U18"]
[Site "Fermo ITA"]
[Date "2009.09.02"]
[Round "3"]
[White "Recuero Guerra, David"]
[Black "Ponizil, Cyril"]
[Result "1-0"]
[WhiteElo "2460"]
[BlackElo "2314"]
[PlyCount "55"]
[EventDate "2009.08.31"]

1. e4 c5 2. Nf3 Nc6 3. Nc3 e5 4. Bc4 d6 5. O-O h6 6. d3 Nf6 7. Ne1 g5 8. Nd5
Nxd5 9. Bxd5 Be6 10. Bxe6 fxe6 11. Qh5+ Kd7 12. c3 Qf6 13. Nc2 Be7 14. Rd1 Rag8
15. Qe2 g4 16. b4 cxb4 17. Nxb4 Rc8 18. Qxg4 Rhg8 19. Qh3 Rcf8 20. Be3 Qg6 21.
Nxc6 Kxc6 22. f3 Bg5 23. Bf2 h5 24. d4 Bf4 25. d5+ exd5 26. Rxd5 Rf6 27. Rad1
Qg5 28. Rc5+ 1-0

[Event "C.to Europeo U18"]
[Site "Fermo ITA"]
[Date "2009.09.02"]
[Round "3"]
[White "Sabuk, Piotr"]
[Black "Salgado Lopez, Ivan"]
[Result "0-1"]
[WhiteElo "2216"]
[BlackElo "2558"]
[PlyCount "90"]
[EventDate "2009.08.31"]

1. e4 c5 2. Nf3 e6 3. d4 cxd4 4. Nxd4 Nf6 5. Nc3 d6 6. Be2 Nc6 7. Be3 Bd7 8.
O-O Be7 9. f4 Nxd4 10. Qxd4 Bc6 11. Bf3 O-O 12. a4 a6 13. g4 Re8 14. g5 Nd7 15.
Qd2 b5 16. axb5 axb5 17. b4 Qc7 18. Be2 Qb7 19. Bd3 d5 20. exd5 exd5 21. Rxa8
Rxa8 22. Ne2 Nb6 23. Bd4 Nc4 24. Qe1 Nd6 25. Rf3 Ne4 26. h4 f5 27. Ng3 Bd7 28.
Nf1 Ra4 29. Bxe4 dxe4 30. Rb3 Be6 31. Rb1 Qc7 32. Be5 Qb6+ 33. Kg2 Ra3 34. Ra1
Rxa1 35. Bxa1 Qd6 36. Qc3 Bf8 37. Qe5 Qxe5 38. Bxe5 Bxb4 39. Bd4 Bd6 40. Be3
Bc4 41. Ng3 g6 42. Kf2 Bb4 43. h5 Bc3 44. hxg6 hxg6 45. Ne2 Bxe2 0-1

[Event "C.to Europeo U18"]
[Site "Fermo ITA"]
[Date "2009.09.02"]
[Round "3"]
[White "Salentiny, Eric"]
[Black "Lach, Piotr"]
[Result "1/2-1/2"]
[WhiteElo "1861"]
[BlackElo "2148"]
[PlyCount "48"]
[EventDate "2009.08.31"]

1. e4 c5 2. f4 d5 3. exd5 Nf6 4. Bb5+ Nbd7 5. Nc3 a6 6. Bxd7+ Bxd7 7. Nf3 Bf5
8. d3 Nxd5 9. Nxd5 Qxd5 10. O-O e6 11. Nh4 Be7 12. Nxf5 Qxf5 13. Qf3 O-O-O 14.
Be3 Bf6 15. Rab1 Qd5 16. a3 Bd4 17. b4 c4 18. dxc4 Qxc4 19. Bxd4 Rxd4 20. Rb3
Kb8 21. Rc3 Qd5 22. Qg3 g6 23. f5+ Ka8 24. Rc5 Qd7 1/2-1/2

[Event "C.to Europeo U18"]
[Site "Fermo ITA"]
[Date "2009.09.02"]
[Round "3"]
[White "Sitnic, Adnan"]
[Black "Martin Fuentes, Alberto"]
[Result "0-1"]
[WhiteElo "1927"]
[BlackElo "2244"]
[PlyCount "74"]
[EventDate "2009.08.31"]

1. Nf3 c5 2. d4 cxd4 3. Nxd4 Nf6 4. g3 g6 5. Bg2 Nc6 6. c3 Bg7 7. e4 O-O 8. O-O
Qb6 9. Nb3 d6 10. Be3 Qc7 11. h3 Ne5 12. Na3 Be6 13. Nd2 Qc8 14. f4 Nd3 15. Qc2
Nc5 16. Kh2 d5 17. f5 Bd7 18. e5 Ne8 19. e6 fxe6 20. fxg6 Nf6 21. gxh7+ Kh8 22.
Bd4 e5 23. Bxe5 Ng4+ 24. hxg4 Bxe5 25. Qg6 Qc6 26. Qh5 Qd6 27. Qh4 Nd3 28. Rad1
Bg7 29. Ndc4 dxc4 30. Nxc4 Qg6 31. Rxf8+ Rxf8 32. g5 Bc6 33. Bxc6 bxc6 34. Rd2
Ne1 35. Qg4 Nf3+ 36. Kg2 Nxd2 37. Nxd2 Qc2 0-1

[Event "C.to Europeo U18"]
[Site "Fermo ITA"]
[Date "2009.09.02"]
[Round "3"]
[White "Sivuk, Vitaly"]
[Black "Alonso Rosell, Alvar"]
[Result "0-1"]
[WhiteElo "2346"]
[BlackElo "2461"]
[PlyCount "48"]
[EventDate "2009.08.31"]

1. e4 c6 2. d4 d5 3. e5 Bf5 4. c4 e6 5. Nc3 Nd7 6. Nge2 Ne7 7. Nf4 h6 8. Be3
Bh7 9. Qh5 Qb6 10. cxd5 Qxb2 11. Rc1 Nxd5 12. Nfxd5 cxd5 13. Bb5 Bg6 14. Qd1
Bb4 15. Bd2 Rc8 16. Bxd7+ Kxd7 17. Qa4+ Rc6 18. O-O Rhc8 19. a3 Qxa3 20. Qb5
Qa5 21. Qxb7+ R6c7 22. Qb5+ Qxb5 23. Nxb5 Rxc1 24. Bxc1 Bd3 0-1

[Event "C.to Europeo U18"]
[Site "Fermo ITA"]
[Date "2009.09.02"]
[Round "3"]
[White "Soors, Stef"]
[Black "Albertini, Luca"]
[Result "1-0"]
[WhiteElo "2222"]
[BlackElo "1950"]
[PlyCount "99"]
[EventDate "2009.08.31"]

1. e4 e5 2. Nf3 Nc6 3. Bc4 Bc5 4. c3 Nf6 5. d3 d6 6. Nbd2 a6 7. Bb3 O-O 8. h3
Be6 9. Bc2 h6 10. O-O Nh7 11. Nc4 Ne7 12. Ne3 Bxe3 13. fxe3 Ng6 14. Qe1 Ng5 15.
Qg3 Nxf3+ 16. Rxf3 Qh4 17. Kh2 Qxg3+ 18. Kxg3 Ne7 19. Bd2 f5 20. exf5 Nxf5+ 21.
Kh2 Nh4 22. Rxf8+ Rxf8 23. Kg1 c6 24. Be1 Nf5 25. Bf2 Ne7 26. a3 Rf6 27. Bh4
Rf7 28. Re1 Nf5 29. Bf2 Kf8 30. Rd1 g5 31. Rd2 Ne7 32. Bd1 Bf5 33. Bg3 Rf6 34.
Bh5 Bg6 35. Bf3 Nf5 36. Bf2 Ne7 37. c4 Bf5 38. Bg3 Bxh3 39. c5 Bf5 40. cxd6
Rxd6 41. e4 g4 42. Bxe5 Rd7 43. Bd1 Bxe4 44. Bxg4 Rxd3 45. Rf2+ Ke8 46. Bg7 Ng8
47. Re2 Kf7 48. Bc3 Bh7 49. Bh5+ Kf8 50. Re8# 1-0

[Event "C.to Europeo U18"]
[Site "Fermo ITA"]
[Date "2009.09.02"]
[Round "3"]
[White "Sreeves, Clement"]
[Black "Rombaldoni, Axel"]
[Result "0-1"]
[WhiteElo "2011"]
[BlackElo "2425"]
[PlyCount "54"]
[EventDate "2009.08.31"]

1. e4 c5 2. Nf3 Nc6 3. d4 cxd4 4. Nxd4 Nf6 5. Nc3 d6 6. Bg5 Qa5 7. Bxf6 gxf6 8.
Nb3 Qd8 9. Qh5 a6 10. O-O-O b5 11. g3 e6 12. Bg2 Bd7 13. Rhe1 b4 14. Nd5 a5 15.
Nd4 Nxd4 16. Rxd4 Rc8 17. Qh4 Bg7 18. Nf4 h5 19. Nxh5 Kf8 20. f4 Qc7 21. Rd2
Ba4 22. Qg4 Rxh5 23. Qxh5 Bxc2 24. Rf2 Bxe4+ 25. Kd1 Qc1+ 26. Ke2 Qc4+ 27. Kd2
Qd3# 0-1

[Event "C.to Europeo U18"]
[Site "Fermo ITA"]
[Date "2009.09.02"]
[Round "3"]
[White "Stankovic, Milos"]
[Black "Krejci, Jan"]
[Result "1/2-1/2"]
[WhiteElo "2306"]
[BlackElo "2453"]
[PlyCount "29"]
[EventDate "2009.08.31"]

1. e4 e5 2. Nf3 Nc6 3. Bc4 Nf6 4. Ng5 d5 5. exd5 Na5 6. Bb5+ c6 7. dxc6 bxc6 8.
Qf3 Rb8 9. Bd3 Be7 10. b3 h6 11. Ne4 Nxe4 12. Qxe4 Bd6 13. Bb2 Rb4 14. Qe3 O-O
15. Nc3 1/2-1/2

[Event "C.to Europeo U18"]
[Site "Fermo ITA"]
[Date "2009.09.02"]
[Round "3"]
[White "Swiercz, Dariusz"]
[Black "Ketzetzis, Georgios"]
[Result "1-0"]
[WhiteElo "2492"]
[BlackElo "2222"]
[PlyCount "105"]
[EventDate "2009.08.31"]

1. e4 c6 2. d4 d5 3. Nc3 dxe4 4. Nxe4 Nd7 5. Ng5 Ngf6 6. Bd3 e6 7. N1f3 Bd6 8.
Qe2 h6 9. Ne4 Nxe4 10. Qxe4 Nf6 11. Qe2 Qc7 12. Bd2 b6 13. O-O-O Bb7 14. Rhe1
O-O-O 15. Ba6 Rhe8 16. Kb1 Nd7 17. Bxb7+ Kxb7 18. Qc4 b5 19. Qb3 Nb6 20. Ba5
Qd7 21. c3 f6 22. Nd2 Bf8 23. Re3 e5 24. dxe5 fxe5 25. Bxb6 axb6 26. Ree1 e4
27. Nxe4 Qg4 28. Rxd8 Rxd8 29. Ng3 Bc5 30. f3 Qf4 31. Rd1 Rd2 32. Rxd2 Qxd2 33.
Qc2 Qe1+ 34. Qc1 Qf2 35. Qf1 Qd2 36. Ne4 Qe3 37. a3 g5 38. h3 h5 39. Qd1 Kc7
40. Qd2 h4 41. Kc2 Qxd2+ 42. Kxd2 Be7 43. Ke3 Kd7 44. g3 hxg3 45. Nxg3 Bd6 46.
Ne2 Ke6 47. Ke4 Kf6 48. Nd4 Bf4 49. Nxc6 Bc1 50. b4 Bxa3 51. Nd4 Bc1 52. Nxb5
Bd2 53. Nc7 1-0

[Event "C.to Europeo U18"]
[Site "Fermo ITA"]
[Date "2009.09.02"]
[Round "3"]
[White "Ter-Sahakyan, Samvel"]
[Black "Getz, Nicolai"]
[Result "1-0"]
[WhiteElo "2480"]
[BlackElo "2219"]
[PlyCount "75"]
[EventDate "2009.08.31"]

1. e4 e5 2. Nf3 Nc6 3. Bb5 a6 4. Ba4 Nf6 5. O-O b5 6. Bb3 Be7 7. Re1 d6 8. c3
O-O 9. d4 Bg4 10. Be3 exd4 11. cxd4 d5 12. e5 Ne4 13. Nc3 Nxc3 14. bxc3 Qd7 15.
h3 Bf5 16. g4 Bg6 17. Bg5 Ba3 18. Qe2 Nd8 19. Nh4 Ne6 20. Be3 Be7 21. Nf5 Bg5
22. Qd2 Bxe3 23. Qxe3 c6 24. f4 Nc7 25. Ng3 f5 26. Bc2 fxg4 27. f5 Rxf5 28. e6
Rf3 29. exd7 Rxe3 30. Rxe3 Bxc2 31. Rae1 Bg6 32. hxg4 Rd8 33. Re7 Kf8 34. Nf5
h5 35. Nd6 Be4 36. Rf7+ Kg8 37. Ref1 Ne6 38. Re7 1-0

[Event "C.to Europeo U18"]
[Site "Fermo ITA"]
[Date "2009.09.02"]
[Round "3"]
[White "To, Nhat Minh"]
[Black "Rasulov, Vugar Ural Oglu"]
[Result "1/2-1/2"]
[WhiteElo "2366"]
[BlackElo "2482"]
[PlyCount "112"]
[EventDate "2009.08.31"]

1. e4 c5 2. Nf3 d6 3. d4 cxd4 4. Nxd4 Nf6 5. Nc3 a6 6. Be3 e6 7. f3 b5 8. Qd2
Bb7 9. g4 Nfd7 10. O-O-O Nb6 11. Nb3 N8d7 12. Na5 Rb8 13. Bf4 Nc8 14. Nxb7 Rxb7
15. Kb1 Be7 16. Ne2 O-O 17. h4 Ne5 18. Nd4 Qc7 19. g5 Nc4 20. Bxc4 bxc4 21. Ne2
Qc5 22. h5 a5 23. Ka1 a4 24. a3 f5 25. Be3 Qb5 26. c3 f4 27. Bf2 Bxg5 28. Nd4
Qd7 29. Bh4 Bf6 30. Bxf6 Rxf6 31. Rh4 Nb6 32. Rg1 Qe8 33. Nc2 e5 34. Nb4 Rh6
35. Rg5 Kh8 36. Rhg4 Re6 37. Qg2 Qf8 38. Qg1 h6 39. Rg6 Rxg6 40. Rxg6 Nd7 41.
Qd1 Nc5 42. Rxd6 Qf7 43. Ka2 Rd7 44. Nc6 Nd3 45. Rxd7 Qxd7 46. Qxa4 Nc1+ 47.
Kb1 Nb3 48. Ka2 Qd1 49. Qxc4 Nc1+ 50. Kb1 Nd3+ 51. Ka2 Qe2 52. Kb3 Qd1+ 53. Ka2
Qc2 54. Qb5 Nc1+ 55. Ka1 Nb3+ 56. Ka2 Nc5 1/2-1/2

[Event "C.to Europeo U18"]
[Site "Fermo ITA"]
[Date "2009.09.02"]
[Round "3"]
[White "Van Cappellen, Jonas"]
[Black "Baloire, Endy"]
[Result "1/2-1/2"]
[WhiteElo "2002"]
[BlackElo "1895"]
[PlyCount "81"]
[EventDate "2009.08.31"]

1. e4 c6 2. Nc3 d5 3. Nf3 Bg4 4. h3 Bxf3 5. Qxf3 e6 6. d4 Nf6 7. Bd3 dxe4 8.
Nxe4 Nbd7 9. c3 Nxe4 10. Qxe4 Nf6 11. Qe2 Qc7 12. O-O Be7 13. Re1 O-O 14. Bc2
c5 15. dxc5 Bxc5 16. Bg5 Be7 17. a4 a5 18. Rad1 Rfd8 19. Qb5 b6 20. Bh4 Qc5 21.
Qxc5 bxc5 22. Bg3 Ne8 23. Be4 Rxd1 24. Rxd1 Rd8 25. Rxd8 Bxd8 26. Bb8 Bc7 27.
Ba7 Nd6 28. Bd3 c4 29. Be2 Kf8 30. Kf1 Ke7 31. Ke1 e5 32. Kd2 Ke6 33. Bf3 e4
34. Bd1 Kd5 35. b4 cxb3 36. Bxb3+ Nc4+ 37. Ke2 Be5 38. g4 Bxc3 39. f3 Bd4 40.
Bb8 Kc5 41. Ba7+ 1/2-1/2

[Event "C.to Europeo U18"]
[Site "Fermo ITA"]
[Date "2009.09.02"]
[Round "3"]
[White "Vardanian, Haik G."]
[Black "Benidze, Davit"]
[Result "0-1"]
[WhiteElo "2300"]
[BlackElo "2437"]
[PlyCount "94"]
[EventDate "2009.08.31"]

1. e4 c5 2. Nf3 d6 3. d4 cxd4 4. Nxd4 Nf6 5. Nc3 Nc6 6. Bg5 Qb6 7. Nb3 e6 8.
Qd2 Be7 9. O-O-O O-O 10. f3 Rd8 11. Kb1 a6 12. Be3 Qc7 13. Qf2 Nd7 14. g4 b5
15. g5 Rb8 16. f4 Nb6 17. Bd3 Nc4 18. Bc1 Bb7 19. h4 Nb4 20. h5 d5 21. exd5
Nxd5 22. Nxd5 Bxd5 23. Rhf1 f5 24. gxf6 Bxf6 25. f5 Ne5 26. fxe6 Nxd3 27. Rxd3
Qe7 28. h6 Bc4 29. Rxd8+ Rxd8 30. Rg1 Bxe6 31. hxg7 Bf7 32. Rf1 Rd6 33. Re1 Re6
34. Rxe6 Qxe6 35. Qg3 h5 36. Bg5 Bxg7 37. Nc1 Qe5 38. Qxe5 Bxe5 39. Bh4 Kh7 40.
Nd3 Bd6 41. b4 Kg6 42. Nc5 a5 43. c3 a4 44. a3 Kf5 45. Kc2 Bc4 46. Nb7 Bf4 47.
Na5 Ke5 0-1

[Event "C.to Europeo U18"]
[Site "Fermo ITA"]
[Date "2009.09.02"]
[Round "3"]
[White "Varga, David"]
[Black "Cabrera Trujillo, Jorge Juan"]
[Result "1/2-1/2"]
[WhiteElo "2285"]
[BlackElo "2410"]
[PlyCount "142"]
[EventDate "2009.08.31"]

1. e4 c5 2. Nf3 d6 3. d4 cxd4 4. Nxd4 Nf6 5. Nc3 a6 6. Be3 e6 7. g4 e5 8. Nf5
h5 9. g5 Nxe4 10. Nxg7+ Bxg7 11. Nxe4 d5 12. Ng3 d4 13. Bd2 Qd5 14. Rg1 h4 15.
Bg2 Qc5 16. Nh5 Kf8 17. Be4 Nc6 18. Qf3 Qd6 19. a3 a5 20. O-O-O Bd7 21. Rde1
Rc8 22. Bd5 Be6 23. Bxc6 Qxc6 24. Qxc6 Rxc6 25. Nxg7 Kxg7 26. Rxe5 Rhc8 27. c3
dxc3 28. Bxc3 Rxc3+ 29. bxc3 Rxc3+ 30. Kd2 Rxa3 31. Rb1 a4 32. Rxb7 Kg6 33. f4
Rf3 34. Rb4 a3 35. Ra5 a2 36. Ke2 Rh3 37. Rb6 Kg7 38. Rd6 Bc4+ 39. Kd2 Rxh2+
40. Kc3 Be6 41. g6 Rh1 42. gxf7 Bxf7 43. Rda6 h3 44. Rg5+ Kh7 45. Rg3 Be6 46.
f5 Bxf5 47. Rxa2 h2 48. Rxh2+ Rxh2 49. Kd4 Bg6 50. Ke5 Kg7 51. Ra3 Re2+ 52. Kf4
Bf7 53. Re3 Ra2 54. Kf5 Ra5+ 55. Re5 Bg6+ 56. Kf4 Ra6 57. Rc5 Kf6 58. Rc4 Bf7
59. Rb4 Ra1 60. Ke4 Rh1 61. Rb5 Rh4+ 62. Ke3 Bc4 63. Ra5 Ke6 64. Rg5 Bd5 65.
Rg8 Ra4 66. Rg6+ Kf5 67. Rg7 Be6 68. Kd3 Ke5 69. Rg5+ Bf5+ 70. Kc3 Rf4 71. Rg8
Rf3+ 1/2-1/2

[Event "C.to Europeo U18"]
[Site "Fermo ITA"]
[Date "2009.09.02"]
[Round "3"]
[White "Vukcevic, Nemanja"]
[Black "Zamengo, Bruno"]
[Result "1-0"]
[WhiteElo "1996"]
[BlackElo "1847"]
[PlyCount "77"]
[EventDate "2009.08.31"]

1. e4 e6 2. d4 d5 3. Nc3 Bb4 4. Nge2 Nf6 5. e5 Ne4 6. a3 Nxc3 7. bxc3 Ba5 8.
Qd3 Bd7 9. Qg3 Kf8 10. a4 f6 11. Nf4 Nc6 12. Ba3+ Kf7 13. O-O-O Ne7 14. Bd3 f5
15. Be2 g6 16. h4 Nc6 17. h5 g5 18. h6 Bxc3 19. Qxc3 gxf4 20. Bh5+ Kg8 21. g4
fxg4 22. Rdg1 Ne7 23. Rxg4+ Ng6 24. Bxg6 hxg6 25. Rxg6+ Kf7 26. Rg7+ Ke8 27. h7
Bc6 28. Rg8+ Kd7 29. Rxd8+ Raxd8 30. Qc5 Rde8 31. Qxa7 b6 32. Qa6 Ra8 33. Qd3
Bxa4 34. Qg6 Bb5 35. Rg1 Rxa3 36. Qg7+ Kc6 37. Qxh8 Ra1+ 38. Kb2 Rxg1 39. Qa8+
1-0

[Event "C.to Europeo U18"]
[Site "Fermo ITA"]
[Date "2009.09.02"]
[Round "3"]
[White "Yilmaz, Mustafa"]
[Black "Biryukov, Mikhail"]
[Result "1-0"]
[WhiteElo "2432"]
[BlackElo "2187"]
[PlyCount "70"]
[EventDate "2009.08.31"]

1. e4 c5 2. Nf3 Nc6 3. d4 cxd4 4. Nxd4 Nf6 5. Nc3 e5 6. Ndb5 d6 7. Bg5 a6 8.
Na3 b5 9. Nd5 Be7 10. Bxf6 Bxf6 11. c4 b4 12. Nc2 a5 13. Qf3 Bg5 14. h4 Bh6 15.
g4 Bf4 16. Nxf4 Qf6 17. O-O-O Qxf4+ 18. Qxf4 exf4 19. Rxd6 Ne5 20. Nd4 Bxg4 21.
Rd5 f6 22. Rg1 O-O 23. c5 Rfd8 24. Bb5 Rac8 25. c6 Nf3 26. Rd1 Nxh4 27. Rxd8+
Rxd8 28. Bc4+ Kh8 29. Be6 Bxe6 30. c7 Rxd4 31. Rxd4 g5 32. Rd6 Bg4 33. Rxf6 Kg7
34. Rf5 Kh8 35. Rf6 Ng6 1-0

[Event "C.to Europeo U18"]
[Site "Fermo ITA"]
[Date "2009.09.02"]
[Round "3"]
[White "Yilmazyerli, Mert"]
[Black "Zupec, Jan"]
[Result "1-0"]
[WhiteElo "2255"]
[BlackElo "1976"]
[PlyCount "61"]
[EventDate "2009.08.31"]

1. e4 c6 2. c4 d5 3. cxd5 cxd5 4. exd5 Qxd5 5. Nc3 Qa5 6. d4 Nf6 7. Nf3 e6 8.
Bd3 Bd7 9. O-O Bd6 10. Bg5 Nd5 11. Ne4 Qb6 12. Ne5 Bxe5 13. dxe5 Nc6 14. Nd6+
Kf8 15. Nc4 Qd4 16. Be3 Nxe3 17. fxe3 Qc5 18. Rc1 Be8 19. b4 Qd5 20. Be2 Nxb4
21. Qb3 Na6 22. Bf3 Qb5 23. Bxb7 Rd8 24. Bxa6 Qxa6 25. Qb4+ Kg8 26. Qe7 Qc8 27.
Nd6 Qd7 28. Qxd7 Bxd7 29. Rxf7 Be8 30. Rxa7 h5 31. Rcc7 1-0

[Event "C.to Europeo U18"]
[Site "Fermo ITA"]
[Date "2009.09.03"]
[Round "4"]
[White "Albertini, Luca"]
[Black "Pelagalli, Marco"]
[Result "0-1"]
[WhiteElo "1950"]
[BlackElo "1836"]
[PlyCount "120"]
[EventDate "2009.08.31"]

1. d4 Nf6 2. c4 g6 3. Nc3 d5 4. cxd5 Nxd5 5. Na4 b5 6. Nc3 Nxc3 7. bxc3 Bg7 8.
e3 a6 9. Be2 Bb7 10. Bf3 Bxf3 11. Qxf3 Nd7 12. Qc6 O-O 13. Nf3 Nb6 14. O-O Qd6
15. Qxd6 cxd6 16. Rb1 Rfc8 17. Rb3 Rc7 18. Bd2 d5 19. Re1 Rac8 20. e4 e6 21.
Ra3 Na4 22. exd5 exd5 23. Kf1 Bf8 24. Rb3 Nxc3 25. Bf4 Rc4 26. Be3 Ne4 27. Ne5
Rc2 28. Nd7 Rxa2 29. Kg1 Rcc2 30. Nxf8 Kxf8 31. g3 Kg7 32. f3 Rg2+ 33. Kf1 Nd2+
34. Kxg2 Nxb3+ 35. Bf2 Nxd4 36. Rd1 Nf5 37. Rd3 a5 38. f4 b4 39. g4 Nd6 40. Kf1
Kf6 41. Rxd5 Ke6 42. Re5+ Kd7 43. Rd5 Kc6 44. Rc5+ Kb7 45. Rd5 Ne4 46. Be1 Kc6
47. Rd4 b3 48. Rc4+ Kd5 49. Rc8 b2 50. Rb8 a4 51. Rb5+ Nc5 52. Rb8 Nb3 53. Rd8+
Kc6 54. Rd1 Nc1 55. Bd2 b1=Q 56. Rxc1+ Qxc1+ 57. Bxc1 Ra1 58. Kg2 Rxc1 59. f5
a3 60. fxg6 fxg6 0-1

[Event "C.to Europeo U18"]
[Site "Fermo ITA"]
[Date "2009.09.03"]
[Round "4"]
[White "Alonso Rosell, Alvar"]
[Black "Chirila, Ioan-Cristian"]
[Result "1/2-1/2"]
[WhiteElo "2461"]
[BlackElo "2526"]
[PlyCount "45"]
[EventDate "2009.08.31"]

1. d4 Nf6 2. c4 c5 3. d5 e6 4. Nc3 exd5 5. cxd5 d6 6. e4 g6 7. h3 Bg7 8. Nf3
O-O 9. Bd3 a6 10. a4 Nh5 11. O-O Nd7 12. Re1 Re8 13. Bg5 Bf6 14. Be3 Ne5 15.
Be2 Nxf3+ 16. Bxf3 Ng7 17. Qd2 b6 18. Bf4 Be5 19. Rab1 Ra7 20. b4 Bxf4 21. Qxf4
f6 22. bxc5 bxc5 23. Bg4 1/2-1/2

[Event "C.to Europeo U18"]
[Site "Fermo ITA"]
[Date "2009.09.03"]
[Round "4"]
[White "Attuati, Stefano"]
[Black "Casanova, Fernando"]
[Result "0-1"]
[WhiteElo "1776"]
[BlackElo "2059"]
[PlyCount "44"]
[EventDate "2009.08.31"]

1. e4 d6 2. d4 Nf6 3. Nc3 g6 4. Be3 Bg7 5. f3 c6 6. Qd2 Nbd7 7. O-O-O b5 8. Kb1
a5 9. Bh6 Bxh6 10. Qxh6 a4 11. e5 b4 12. exf6 bxc3 13. Ne2 Nxf6 14. Nxc3 Rb8
15. d5 Qa5 16. Qd2 Qb4 17. b3 cxd5 18. Nxd5 Nxd5 19. Qxd5 Bf5 20. Bd3 Be6 21.
Qc6+ Kf8 22. Rhe1 axb3 0-1

[Event "C.to Europeo U18"]
[Site "Fermo ITA"]
[Date "2009.09.03"]
[Round "4"]
[White "Bebel, Arkadiusz"]
[Black "Yilmaz, Mustafa"]
[Result "1/2-1/2"]
[WhiteElo "2276"]
[BlackElo "2432"]
[PlyCount "106"]
[EventDate "2009.08.31"]

1. e4 c5 2. c3 Nf6 3. e5 Nd5 4. Nf3 Nc6 5. Bc4 e6 6. d4 cxd4 7. cxd4 d6 8. O-O
Nb6 9. Bb5 Bd7 10. Nc3 dxe5 11. dxe5 Nb4 12. Bg5 Be7 13. Bxe7 Qxe7 14. Qb3 Bxb5
15. Nxb5 O-O 16. Rac1 N6d5 17. Nbd4 Nf4 18. g3 Ng6 19. h4 Rfd8 20. a3 Na6 21.
Qe3 h6 22. h5 Nf8 23. Nb5 Rd5 24. Nc3 Rd7 25. Rfd1 Nc7 26. Rd4 Rxd4 27. Qxd4
Nd7 28. Qe4 Rb8 29. Qa4 Ra8 30. Qe4 Rb8 31. Qa4 Na6 32. Nb5 Nb6 33. Qa5 Rc8 34.
Rxc8+ Nxc8 35. Qc3 Qd7 36. Nfd4 Nb6 37. Nd6 Nd5 38. Qc4 Nb8 39. f4 Ne7 40. a4
Nd5 41. b3 a5 42. Qc5 b6 43. Qc4 Qc7 44. Qxc7 Nxc7 45. Kf2 Nd7 46. Nc4 Nd5 47.
Ne3 Nc3 48. Nc4 Kf8 49. Kf3 Nd5 50. Ne3 Nc7 51. Nc4 Ke8 52. Nd6+ Ke7 53. Nc4
Ke8 1/2-1/2